| 000 | 01138nam a22002657a 4500 | ||
|---|---|---|---|
| 999 |
_c22626 _d22626 |
||
| 003 | AR-CdUCM | ||
| 008 | 190427b ||||| |||| 00| 0 spa d | ||
| 020 | _a9786124644702 | ||
| 040 |
_aMUNICIPALIDAD PROVINCIAL DEL CUSCO _cBIBLIOTECA MUNICIPAL DEL CUSCO |
||
| 082 |
_a338.1749/P26 _bP26 |
||
| 100 |
_aParedes Pando, Oscar _914521 |
||
| 245 |
_aExplotación del caucho-shiringa : _bBrasil - Bolivia - Perú : economías extractivo-mercantiles del Alto Acre - Madre de Dios / _cOscar Paredes Pando; [presentación, Raúl Pinedo Mora ; prólogo, Thomas Moore] |
||
| 260 |
_aCusco : _bJL Editores, _c2013. |
||
| 300 |
_at.2. : _bil. (algunas col.), facsíms., mapas ; _c24 cm. |
||
| 500 |
_a"Madre de Dios: 1912-2012 : Homenaje en su Primer Centenario" _zBibliografía: p. 329-344. |
||
| 505 | _at.2 Amazonía Sur-Oriental : siglos XVI-XX | ||
| 650 |
_aIndustria del caucho _948690 |
||
| 650 |
_aExplotación forestal _948691 |
||
| 650 |
_aCultivos tropicales _948692 |
||
| 650 |
_aAmérica del Sur _9742 |
||
| 700 |
_aPinedo Mora, Raúl _948693 |
||
| 700 |
_aMoore, Thomas _eprologuista _948694 |
||
| 942 |
_2ddc _cLIBROS |
||
| 945 | _arac | ||